The sound of silence - lyrics - Statistics

General Stats
  • This quiz has been taken 1,300 times
    1,271 since last reset
  • The average score is 15 of 27
Answer Stats
Hint Answer % Correct
Hello darkness, my old _____ friend
100%
I've come to talk with __ ____ you again
98%
And the vision that was planted in my brain still ___ remains
84%
And touched the sound of ____. silence
81%
People hearing without _____ listening
78%
People _____without speaking talking
77%
___ thousand people, maybe more Ten
75%
When my eyes were stabbed by the flash of a ___ ___ neon light
72%
Narrow streets of _______ cobblestone
69%
And in the _____ light I saw naked
60%
In restless dreams I _____ alone walked
59%
Take my arms that I might _____ you. reach
55%
And no one ____ disturb the sound of silence dared
53%
Hear my words that I might ____ you teach
52%
____ __ ____ of silence within the sound
52%
That ___ the night split
50%
And the people bowed and prayed to the ____ ___ they made. neon god
49%
People _____ ____ that voices never share writing songs
49%
I turned my ___to the cold and damp collar
48%
But my words like ____ ________ fell silent raindrops
44%
'Neath the ___ __ _ street lamp halo of a
42%
Fools," ______ __, "You do not know – Silence like a cancer grows. said I
39%
Because a vision softly creeping, ___ __ ___ while I was sleeping left its seeds
31%
And the sign said, the words of __ ____ are written on the subway walls and tenement halls the prophets
29%
And the sign flashed out its warning in the ____ that it was forming. words
24%
And _____ __ ___ ___ of silence echoed in the wells
15%
And _______ in the sound of silence. whispered
15%
No matching quizzes found
Score Distribution
Percent of People with Each Score
Percentile by Number Answered
Your Score History
You have not taken this quiz since the last reset